| 000 | 00571cam a2200217 4500 | ||
|---|---|---|---|
| 003 | data | ||
| 005 | 20260322212025.0 | ||
| 008 | data | ||
| 010 | _a 72-130489 //r71 | ||
| 020 | _a0671206729 | ||
| 020 | _a9780671206727 | ||
| 040 |
_aDLC _cDLC _dDPL _dDPL |
||
| 049 |
_aDPLA _lsoc bvl crk fie had pkh unh wdb |
||
| 050 | 0 |
_aE748.L894 _bS5 |
|
| 082 |
_aB _aB |
||
| 100 | 1 | _aShadegg, Stephen C. | |
| 245 | 1 | 0 |
_aClare Boothe Luce; _ba biography, _cStephen C. Shadegg. |
| 260 |
_aNew York, _bSimon and Schuster _c[c1970] |
||
| 300 |
_a313 p. _billus., ports. _c25 cm. |
||
| 001 | data | ||
| 999 |
_c565 _d565 |
||